000 00451nam a2200169Ia 4500
005 20250328162332.0
008 240126s9999 xx 000 0 und d
020 _a9789386515599
082 _a346.0436 MUL;1 R
100 _aMulla, Dinshaw Fardunji. Saxena, Poonam Pradhan.
245 0 _aMulla the Transfer of property act
250 _a13th ed.
260 _bLexis Nexis
_aHaryana
300 _acccliv, 1188
440 _aNULL
942 _cLL
999 _c287810
_d287810